Logistik und CIM <Die> effiziente Material- und Informationsflussgestaltung im Industrieunternehmen

Gespeichert in:
Bibliographische Detailangaben
1. Verfasser: Becker, Jörg
Weitere Verfasser: Rosemann, Michael
Format: Buch
Sprache:Deutsch
Veröffentlicht: Berlin Springer 1993
Ausgabe:1. Aufl.
Schlagworte:
Tags: Tag hinzufügen
Keine Tags, Fügen Sie das erste Tag hinzu!

MARC

LEADER 00000nam a2200000 4500
001 c005776
005 20221206074656.7
020 |a 3-540-57146-9 
041 0 |a ger 
044 |a DE 
245 1 0 |a Logistik und CIM  |b <Die> effiziente Material- und Informationsflussgestaltung im Industrieunternehmen  |c Jörg Becker, Michael Rosemann 
250 |a 1. Aufl. 
264 1 |a Berlin  |b Springer  |c 1993 
300 |a 338 s. 
610 2 0 |a logistika 
610 2 0 |a CIM 
610 2 0 |a stratégia podniková 
610 2 0 |a tok informácií 
610 2 0 |a tok materiálu 
610 2 0 |a projekty 
610 2 0 |a plánovanie výroby 
610 2 0 |a plánovanie 
610 2 0 |a systémy výrobné 
100 1 |a Becker, Jörg 
700 1 |a Rosemann, Michael